| 000 | 00640nam a22002177a 4500 | ||
|---|---|---|---|
| 005 | 20170124110238.0 | ||
| 010 | _aTM-014114 | ||
| 020 | _c195.00 | ||
| 035 | _aTM-014114 | ||
| 037 | _bCen Lib/Ret | ||
| 040 |
_aDPL _bEN |
||
| 082 |
_a420.3 _bSUB |
||
| 100 |
_aSubramanian, S. _942896 |
||
| 245 |
_aPals dictionary : _benglish -english -tamil / _cby S. Subramanian |
||
| 260 |
_aMadras _bPalaniappa Bros. _c1994 |
||
| 270 |
_a14,Peters Road Royapettah _bMadras _e8268035 |
||
| 300 |
_aVarious Pages _c23cm(Hb) |
||
| 650 |
_aEnglish language _91922 |
||
| 650 |
_aTamil language _942897 |
||
| 942 |
_2ddc _cEN _h420.3 _mSUB |
||
| 999 |
_c134979 _d134979 |
||